[Event "Titled Tuesday intern op 20th Dec Early"]
[Site "Chess.com INT"]
[Date "2022.12.20"]
[Round "3"]
[White "Gorodetzky, David"]
[Black "Martin Fuentes, Alberto"]
[Result "1/2-1/2"]
[WhiteElo "2495"]
[BlackElo "2391"]
[PlyCount "121"]
[EventDate "2022.12.20"]
[EventType "swiss (blitz)"]
[EventRounds "11"]
[EventCountry "USA"]
[SourceTitle "EXT 2024"]
[Source "ChessBase"]
[SourceDate "2023.10.10"]
[SourceVersion "1"]
[SourceVersionDate "2023.10.10"]
[SourceQuality "1"]

1. d4 Nf6 2. Bf4 c5 3. d5 b5 4. f3 d6 5. e4 a6 6. a4 b4 7. Nd2 g6 8. Nc4 Bg7 9. a5 0-0 10. Bd3 Bd7 11. Ne2 Bb5 12. Nb6 Ra7 13. c4 bxc3 14. bxc3 Bxd3 15. Qxd3 Nbd7 16. Rb1 Nh5 17. Bd2 Ne5 18. Qc2 Rb7 19. 0-0 Nd7 20. Qd3 Nxb6 21. Qxa6 Qa8 22. Rxb6 Ra7 23. Qd3 Rxa5 24. g4 Nf6 25. Rc6 Nd7 26. f4 Qa7 27. Be3 Nb8 28. e5 Nxc6 29. dxc6 Qa6 30. c4 Qxc6 31. Nc3 dxe5 32. Nd5 Ra7 33. f5 e6 34. f6 exd5 35. fxg7 Kxg7 36. cxd5 Qd6 37. Qd2 Rd7 38. Bh6+ Kg8 39. Rd1 f6 40. Bxf8 Qxf8 41. d6 Qf7 42. h3 Qe6 43. Qb2 Kg7 44. Qb6 Qc4 45. Qc6 Qe6 46. Qxc5 h5 47. Qb4 hxg4 48. hxg4 e4 49. Rd2 Qxg4+ 50. Rg2 Qd1+ 51. Kf2 Qxd6 52. Qxe4 Qd4+ 53. Qxd4 Rxd4 54. Ke3 Ra4 55. Rb2 g5 56. Rb8 Kg6 57. Kf3 Kf5 58. Rb5+ Kg6 59. Rb8 Ra3+ 60. Ke4 Ra4+ 61. Kf3 1/2-1/2

[Event "Titled Tuesday intern op 20th Dec Late"]
[Site "Chess.com INT"]
[Date "2022.12.20"]
[Round "4"]
[White "Gorodetzky, David"]
[Black "Melian, Juan Sebastian"]
[Result "1-0"]
[WhiteElo "2495"]
[BlackElo "2132"]
[PlyCount "81"]
[EventDate "2022.12.20"]
[EventType "swiss (blitz)"]
[EventRounds "11"]
[EventCountry "USA"]
[SourceTitle "EXT 2024"]
[Source "ChessBase"]
[SourceDate "2023.10.10"]
[SourceVersion "1"]
[SourceVersionDate "2023.10.10"]
[SourceQuality "1"]

1. c4 Nf6 2. Nc3 e5 3. Nf3 Nc6 4. g3 g6 5. Bg2 Bg7 6. 0-0 0-0 7. d4 exd4 8. Nxd4 Re8 9. Nxc6 bxc6 10. e4 Rb8 11. Qc2 d6 12. h3 Nd7 13. Be3 Nc5 14. Rad1 Qe7 15. Rfe1 Be6 16. b3 a5 17. e5 dxe5 18. Bxc6 Red8 19. Nd5 Bxd5 20. cxd5 Na6 21. Qc4 Nb4 22. Bc5 Qf6 23. Ba4 Nxa2 24. Rd2 Nb4 25. Bxb4 axb4 26. Qxc7 Bf8 27. Bc6 Bd6 28. Qa7 h5 29. h4 g5 30. Re4 Kg7 31. Qe3 g4 32. Ra2 Qe7 33. Ra7 Qf6 34. Bd7 Kg6 35. Rc4 Bf8 36. Rc6 Bd6 37. Qe4+ Kg7 38. Be6 Be7 39. Bxf7 Qxf7 40. Qxe5+ Kg8 41. Rxe7 1-0

[Event "Titled Tuesday intern op 13th Dec Late"]
[Site "Chess.com INT"]
[Date "2022.12.13"]
[Round "2"]
[White "Gorodetzky, David"]
[Black "Ballester Llagaria, Luis Eduardo"]
[Result "0-1"]
[WhiteElo "2495"]
[BlackElo "2298"]
[PlyCount "64"]
[EventDate "2022.12.13"]
[EventType "swiss (blitz)"]
[EventRounds "11"]
[EventCountry "USA"]
[SourceTitle "EXT 2024"]
[Source "ChessBase"]
[SourceDate "2023.10.10"]
[SourceVersion "1"]
[SourceVersionDate "2023.10.10"]
[SourceQuality "1"]

1. f4 d5 2. Nf3 Nf6 3. g3 c6 4. Bg2 Qb6 5. e3 Bg4 6. h3 Bxf3 7. Qxf3 Nbd7 8. d3 e5 9. Nc3 Bd6 10. fxe5 Nxe5 11. Qf2 h5 12. Bd2 h4 13. g4 Nxd3+ 14. cxd3 Bg3 15. Qxg3 hxg3 16. 0-0-0 0-0-0 17. Ne2 Rhe8 18. Nd4 Nd7 19. Rhf1 Ne5 20. Bc3 Qa6 21. Kc2 f6 22. Nb3 Ng6 23. Nc5 Qb6 24. Bd4 Qc7 25. g5 Nh4 26. Bf3 g2 27. Bg4+ Kb8 28. Rg1 f5 29. Bh5 g6 30. Be2 Qg3 31. Kd2 b6 32. Nb3 c5 0-1